00373nam a22001457a 4500003000400000005001700004008004100021020001800062040000900080082001800089100003200107245004600139260002800185300001400213OSt20210413130050.0210413b ||||| |||| 00| 0 eng d a9718182718067 coclc a297.61bKAR/F a Karakunnu, Sheikh Mohammed aFarooque Umar/cSheikh Muhammed Karakunnu aKozhikode:bIPH,c2018. a510 pages